000
00263nam a22001337a 4500
008
180917b xxu||||| |||| 00| 0 eng d
041
_a
eng
080
_a
902
082
_a
902
100
_a
42
101
_a
ARK
245
_a
Greece
_c
Moody,S
942
_2
udc
_c
BK
999
_c
47843
_d
47843